La dimanche de Bouvines : 27 Juillet 1214

Αποθηκεύτηκε σε:
Λεπτομέρειες βιβλιογραφικής εγγραφής
Κύριος συγγραφέας: Duby, Georges
Μορφή: Βιβλίο
Γλώσσα:French
Δημοσίευση: [Paris] : Gallimard, 1973
Θέματα:
Ετικέτες: Προσθήκη ετικέτας
Δεν υπάρχουν, Καταχωρήστε ετικέτα πρώτοι!

MARC

LEADER 00000nam a2200000 i 4500
001 1/5728
008 960612s1973 fre d
020 |a 2-07-028102-7 
035 |l 10016109 
040 |a GR-MY-UA  |b gre  |e aacr 
041 0 |a fre 
082 0 |a 944.023 
100 1 |a Duby, Georges. 
245 1 3 |a La dimanche de Bouvines :  |b 27 Juillet 1214 /  |c Georges Duby 
260 |a [Paris] :   |b Gallimard,   |c 1973 
300 |a 302 p. 
504 |a Includes index 
651 0 |a France  |x History  |y Philip II Augusts, 1180-1223. 
852 |a INST  |b LESVOS  |e 19960612  |h 944.023 DUB  |p 005100005507  |q 005100005507  |t BK  |y 0 
909 |a Λ  |b 007287